000 00955cam a22002533a 4500
001 12679
003 PGUSA
005 20140828083255.0
008 040601s2004||||xxu|||||s|||||000 | eng d
040 _aPGUSA
_beng
042 _adc
050 4 _aDS
100 1 _aJanes, Don Carlos,
_d1877-1944
245 1 2 _aA Trip Abroad :
_bAn Account of a Journey to the Earthly Canaan and the Land of the Ancient Pharaohs; To Which Are Appended a Brief Consideration of the Geography and History of Palestine, and a Chapter on Churches of Christ in Great Britain
_h[electronic resource] /
_cDon Carlos Janes
260 _bProject Gutenberg,
_c2004
506 _aPublic domain in the USA.
516 _aElectronic text
653 _aChurches of Christ -- Great Britain
653 _aPalestine -- Description and travel
653 _aVoyages and travels
830 0 _aProject Gutenberg
_v12679
856 4 0 _uhttp://www.gutenberg.org/ebooks/12679
942 _cEB
999 _c241934
_d241934